ARRUPE JESUIT UNIVERSITY

CORONAVIRUS -STOP THE SPREAD - CLEAN,DISINFECT,COVER

The rash adventurer; (Record no. 119394)

MARC details
000 -LEADER
fixed length control field 00970cam a2200301 4500
001 - CONTROL NUMBER
control field 4561329
003 - CONTROL NUMBER IDENTIFIER
control field ARRUPE
005 - DATE AND TIME OF LATEST TRANSACTION
control field 20131219163924.0
008 - FIXED-LENGTH DATA ELEMENTS--GENERAL INFORMATION
fixed length control field 740617t19741973nyu b 001 0beng
010 ## - LIBRARY OF CONGRESS CONTROL NUMBER
LC control number 73080842
020 ## - INTERNATIONAL STANDARD BOOK NUMBER
International Standard Book Number 0812816072
040 ## - CATALOGING SOURCE
Original cataloging agency DLC
Transcribing agency DLC
Modifying agency DLC
043 ## - GEOGRAPHIC AREA CODE
Geographic area code e-uk---
050 00 - LIBRARY OF CONGRESS CALL NUMBER
Classification number DA814.A5
Item number F63 1974
082 00 - DEWEY DECIMAL CLASSIFICATION NUMBER
Classification number 941.07/092/4
-- B
300 ## - PHYSICAL DESCRIPTION
Dimensions 25 cm.
100 1# - MAIN ENTRY--PERSONAL NAME
Personal name Forster, Margaret,
Dates associated with a name 1938-
9 (RLIN) 6096
245 14 - TITLE STATEMENT
Title The rash adventurer;
Remainder of title the rise and fall of Charles Edward Stuart.
260 ## - PUBLICATION, DISTRIBUTION, ETC. (IMPRINT)
Place of publication, distribution, etc New York,
Name of publisher, distributor, etc Stein and Day
Date of publication, distribution, etc [1974, c1973]
300 ## - PHYSICAL DESCRIPTION
Extent 331 p.
350 ## - PRICE (NR) (BK AM CF MU VM SE) [OBSOLETE]
Price $12.50
504 ## - BIBLIOGRAPHY, ETC. NOTE
Bibliography, etc Bibliography: p. [311]-324.
600 00 - SUBJECT ADDED ENTRY--PERSONAL NAME
Personal name Charles Edward,
Titles and other words associated with a name Prince, grandson of James II, King of England,
Dates associated with a name 1720-1788.
9 (RLIN) 6097
650 #0 - SUBJECT ADDED ENTRY--TOPICAL TERM
Topical term or geographic name as entry element Princes
Geographic subdivision Great Britain
General subdivision Biography.
9 (RLIN) 6098
650 #0 - SUBJECT ADDED ENTRY--TOPICAL TERM
Topical term or geographic name as entry element Jacobites.
9 (RLIN) 6099
651 #0 - SUBJECT ADDED ENTRY--GEOGRAPHIC NAME
Geographic name Scotland
General subdivision History
Chronological subdivision 18th century.
9 (RLIN) 6100
906 ## - LOCAL DATA ELEMENT F, LDF (RLIN)
a 7
b cbc
c orignew
d 2
e opcn
f 19
g y-gencatlg
942 ## - ADDED ENTRY ELEMENTS (KOHA)
Source of classification or shelving scheme Library of Congress Classification
Koha item type Monograph ( Printed materials)
Holdings
Withdrawn status Lost status Source of classification or shelving scheme Damaged status Not for loan Home library Current library Date acquired Total Checkouts Full call number Barcode Date last seen Price effective from Koha item type
    Library of Congress Classification     ARRUPE LIBRARY ARRUPE LIBRARY 19/12/2013   DA814.A5 F63 1974 464123033 27/10/2017 19/12/2013 Monograph ( Printed materials)

 

Arrupe Library. PO Box MP320 Mt Pleasant, Harare, Zimbabwe
263 242 745411|librarian@aju.ac.zw